Hunger Games Characters - Statistics

General Stats
  • This quiz has been taken 409 times
    289 since last reset
  • The average score is 13 of 16
Answer Stats
Picture Answer % Correct
Katniss
100%
Rue
96%
Haymitch
95%
Cato
94%
Gale
94%
Cinna
89%
Clove
87%
Foxface
86%
Glimmer
85%
Caesar
84%
Beetee
81%
Wiress
76%
Seneca
75%
Marvel
73%
Enobaria
60%
Claudius
36%
No matching quizzes found
Score Distribution
Percent of People with Each Score
Percentile by Number Answered
Your Score History
You have not taken this quiz since the last reset